Cómo alcanzar la libertad interior

Сохранить в:
Библиографические подробности
Главный автор: Mello, Anthony de (autor)
Формат:
Язык:испанский
Опубликовано: Buenos Aires LUMEN 1994
Серии:Responde, 1
Предметы:
Метки: Добавить метку
Нет меток, Требуется 1-ая метка записи!

MARC

LEADER 00000nam a2200000 a 4500
001 UCH4410
003 CL-VaPUC
008 090818e19940000AG |||||||||||||||||spa|d
020 |a 9507243992 
082 0 4 |a 242  |b MEL  |2 21 
100 |a Mello, Anthony de  |e autor  |9 582334 
245 1 0 |a Cómo alcanzar la libertad interior 
300 |a 91 p 
942 |c BK 
945 |d 20090818 00:00:00  |a ccalabra 
260 |a Buenos Aires  |b LUMEN  |c 1994 
650 7 |a REFLEXION  |2 CL-VaPUC  |9 369835 
650 7 |a DEVOCIONAL  |2 CL-VaPUC  |9 539922 
650 0 |a Espiritualidad   |9 267331 
650 0 |a Desarrollo Personal  |9 390751 
650 0 |a Autoayuda   |9 317869 
650 0 |a Ficción   |9 376687 
650 0 |a Vida cristiana  |9 258753 
583 |a last modification  |c 20090818 00:00:00  |k Rodrigo Vera 
490 0 |a Responde, 1 
999 |c 335734  |d 335732